[Event "HUN-chT 2018-19"]
[Site "Szombathely"]
[Date "2018.11.18"]
[Round "2"]
[White "Kevei, Peter"]
[Black "Ribli, Zoltan"]
[Result "1/2-1/2"]
[WhiteElo "2141"]
[BlackElo "2537"]
[Annotator "TA"]
[PlyCount "105"]
[EventDate "2018.11.16"]
[EventType "team-tourn"]
[EventCountry "HUN"]
[SourceTitle "playchess.com"]
[Source "ChessBase"]
[SourceQuality "1"]

{[%evp 18,105,0,8,16,0,0,-17,-10,-55,-45,-58,-55,-55,-54,-54,-45,-47,-43,-63,-35,-46,-47,-36,-35,-45,-42,-43,-48,-65,-62,-72,-72,-56,-37,-142,-81,-120,-120,-120,-130,-121,-126,-116,-86,-89,-92,-136,-125,-120,-122,-229,-119,-127,-125,-125,-133,-127,-128,-143,-143,-127,-130,-134,-131,-143,-12,-12,-12,-13,-8,-10,0,0,0,0,0,0,0,0,0,-22,-22,-22,-8,-8,0,0,0,0]} 1. e4 c5 2. Nf3 e6 3. d4 cxd4 4. Nxd4 Nc6 5. Nxc6 bxc6 6. Bd3 Nf6 7. O-O d5 8. Nd2 Be7 9. c4 O-O 10. b3 {LiveBook: 4 Games. B40: Sicilian: 2...e6, Unusual lines} (10. Qc2 g6 11. Re1 Bb7 12. e5 Nd7 13. Nf3 dxc4 14. Bxc4 c5 15. Bh6 Re8 16. Qe2 Qc7 17. Rac1 Bf8 18. Bxf8 Bxf3 19. Qxf3 Rxf8 {½-½ (52) Perez Candelario,M (2574)-Castellanos Rodriguez,R (2495) Monzon 2016}) 10... a5 {[%cal Ba7a5,Ba5a4][%mdl 32]} 11. Bb2 a4 12. cxd5 cxd5 13. e5 $146 ({Predecessor:} 13. bxa4 Ba6 14. Bxa6 Rxa6 15. exd5 {½-½ (15) Babula,M (2360)-Poloch,P (2320) Imperia 2000}) 13... Nd7 $1 14. Nf3 Ba6 15. Bd4 Qa5 16. Rc1 Bxd3 17. Qxd3 Rfc8 18. Rc2 Ba3 19. Ng5 Nf8 20. Rb1 h6 21. Nf3 Nd7 22. g3 Nc5 $36 {[%mdl 2048] Black has good play.} 23. Bxc5 Rxc5 24. Nd4 {next b4 is good for White.} Rxc2 25. Nxc2 Bf8 26. bxa4 {[#]} ({White should try} 26. b4 $15 Qc7 27. Qe2) 26... Qxa4 ({Better is} 26... Qc7 $1 27. f4 Rxa4) 27. a3 Rc8 28. Rb3 Rc4 29. Kg2 Qc6 30. Nd4 Qc5 31. Nb5 Rc2 32. Qe3 Qxe3 33. Rxe3 $17 {[%mdl 4096] Endgame KRB-KRN} Rb2 34. Nd6 (34. a4 $17) 34... Bxd6 (34... f6 $19 {Hoping for ...fxe5.} 35. Rc3 fxe5) 35. exd6 $19 {[#] KR-KR} Rb6 $1 36. d7 Rd6 37. a4 Rxd7 38. a5 Ra7 39. Ra3 Kf8 40. Kf3 Ke7 41. h4 e5 (41... Kd6 $17 {Threatens to win with ...Kc6.} 42. Ke2 Kc5) 42. a6 $11 {The position is equal.} Kd6 43. Ra5 g6 44. Ke3 g5 45. hxg5 hxg5 46. f4 exf4+ (46... gxf4+ {keeps more tension.} 47. gxf4 f6 48. Kf3 Ke6 49. Ke3 Kf5) 47. gxf4 g4 48. Kd4 Ke6 49. Rxd5 Rxa6 {( -> ...Ra4+)} 50. Re5+ $1 Kd7 {And now ...Rg6 would win.} 51. Rg5 Rg6 52. Rxg6 fxg6 53. Ke3 $1 {Accuracy: White = 51%, Black = 61%.} 1/2-1/2

[Event "HUN-chT 2018-19"]
[Site "Szombathely"]
[Date "2018.11.18"]
[Round "2"]
[White "Valyi, Blanka Borbala"]
[Black "Gara, Ticia"]
[Result "0-1"]
[WhiteElo "1852"]
[BlackElo "2324"]
[Annotator "NA"]
[PlyCount "48"]
[EventDate "2018.11.16"]
[EventType "team-tourn"]
[EventCountry "HUN"]
[SourceTitle "playchess.com"]
[Source "ChessBase"]
[SourceQuality "1"]

1. d4 Nf6 2. Nf3 g6 3. g3 Bg7 4. Bg2 d5 5. O-O O-O 6. c4 dxc4 7. Ne5 (7. Na3 $14) 7... c5 8. dxc5 Qc7 {D77: Fianchetto Grünfeld: 6 0-0: Replies other than 6...c6} 9. Nxc4 Qxc5 10. Nba3 Nc6 11. Be3 (11. e4 Rd8 12. Be3 Nd4 13. h3 Be6 14. Rc1 Rac8 15. e5 Ne8 16. Nd6 exd6 17. Rxc5 dxc5 18. Bxb7 {0-1 (38) Ladva,O (2531)-Kantans,T (2531) Viljandi 2017}) 11... Qh5 12. Qb3 $146 ({Predecessor:} 12. f3 Bh3 13. Qb3 Bxg2 14. Kxg2 b6 15. Rad1 Rfd8 16. Qb5 Qxb5 17. Nxb5 {½-½ (41) Zupe,M (2265)-Cigan,S (2356) Slovenia 2016}) 12... Qxe2 13. Nd2 ({White should try} 13. Rad1 $15) 13... Qh5 14. Nf3 Ng4 15. Rfe1 Be6 16. Qb5 Qxb5 17. Nxb5 Nxe3 18. Rxe3 Rac8 19. Nc3 Nb4 $19 20. Rd1 Rfd8 21. Rxd8+ Rxd8 22. Ng5 Bxc3 23. Nxe6 Rd1+ 24. Bf1 Bd2 0-1

[Event "HUN-chT 2018-19"]
[Site "Szombathely"]
[Date "2019.04.27"]
[Round "8.1"]
[White "Gledura, Benjamin"]
[Black "Perunovic, Milos"]
[Result "1-0"]
[WhiteElo "2641"]
[BlackElo "2597"]
[Annotator "TA"]
[PlyCount "71"]
[EventDate "2018.11.16"]
[EventType "team-tourn"]
[EventCountry "HUN"]
[SourceTitle "playchess.com"]
[Source "ChessBase"]
[SourceQuality "1"]

{[%evp 18,71,25,30,33,38,33,36,39,51,45,50,44,43,44,47,41,10,51,25,52,67,80,78,62,52,62,46,44,49,60,62,56,53,71,79,104,104,135,133,131,133,191,162,916,902,1032,745,1738,771,29974,909,6195,771,6109,6106]} 1. d4 Nf6 2. Nf3 e6 3. c4 c5 4. d5 d6 5. Nc3 exd5 6. cxd5 g6 7. Bf4 a6 8. a4 Bg7 9. h3 O-O 10. e3 Ne8 {A61: Modern Benoni: Nf3 without early e4} 11. Be2 Nd7 12. O-O Rb8 {White is slightly better.} 13. a5 b5 14. axb6 $1 Rxb6 15. Qc2 Qe7 16. Nd2 Ne5 17. Bh2 f5 $146 ({Predecessor:} 17... Nc7 18. Rfe1 {1-0 (51) Dziuba,M (2584)-Simacek,P (2469) Czechia 2011}) 18. Rfe1 Rb4 19. Bxa6 Bxa6 20. Rxa6 Qb7 21. Ra2 Nc7 22. b3 Nxd5 23. Bxe5 Bxe5 24. Nxd5 Qxd5 25. Nc4 Qe6 {[#]} 26. Ra6 $1 Rfb8 27. Rd1 Rxb3 28. Nxe5 Qxe5 29. Raxd6 {aiming for Qc4+.} Kg7 (29... R3b7 $16 30. Qc4+ Rf7) 30. Rd7+ Kh6 $2 (30... Kh8 31. Qa2 R3b7) 31. Qc4 $18 {[%cal Rc4h4]} R3b4 32. Qf7 Qh8 33. Rc7 (33. f4 $142 Re8 34. g4 fxg4 35. Qd5) 33... Rb1 {[#]} 34. Rxb1 (34. Qe7 $142 $3 {[%mdl 512]} R8b4 35. Rxb1 Re4 36. Qf7 Ra4 37. Qe7 Re4 38. Qf7 Kh5 39. Rb6) 34... Rxb1+ 35. Kh2 {Intending Qe7 and mate.} Rb6 36. f4 {Accuracy: White = 71%, Black = 37%.} 1-0

[Event "HUN-chT 2018-19"]
[Site "Szombathely"]
[Date "2019.04.27"]
[Round "8.2"]
[White "Papp, Gabor"]
[Black "Nagy, Gabor"]
[Result "1/2-1/2"]
[WhiteElo "2598"]
[BlackElo "2464"]
[Annotator "TA"]
[PlyCount "73"]
[EventDate "2018.11.16"]
[EventType "team-tourn"]
[EventCountry "HUN"]
[SourceTitle "playchess.com"]
[Source "ChessBase"]
[SourceQuality "1"]

{[%evp 11,73,21,33,21,28,29,35,20,25,19,40,28,54,52,54,48,54,61,53,48,57,42,52,47,62,74,72,66,75,71,75,70,70,68,63,64,80,43,45,30,37,37,52,12,14,5,5,4,5,0,0,0,0,0,0,0,0,-8,0,0,0,-8,-8,-19]} 1. e4 c5 2. Nf3 e6 3. d4 cxd4 4. Nxd4 Nc6 5. Nc3 Qc7 6. Be3 Nf6 7. f4 {B48: Sicilian: Taimanov: 5 Nc3 Qc7 6 Be3 a6 without Be2} (7. a3 a6 8. f4 d6 9. Qf3 Be7 10. O-O-O O-O 11. Be2 Rb8 12. g4 Nxd4 13. Bxd4 b5 14. g5 Nd7 15. Rhg1 b4 16. axb4 Rxb4 17. f5 Ne5 {½-½ (52) Jumabayev,R (2602)-Wang,H (2730) Makati 2018}) 7... Bb4 8. Ndb5 Qa5 9. e5 {White is slightly better.} Nd5 10. Bd2 {aiming for a3.} Nxc3 $1 11. Bxc3 O-O {[#] Strongly threatening ...a6.} 12. Qd2 $1 f6 13. exf6 $1 Rxf6 14. g3 a6 15. Bxb4 Nxb4 16. Nc3 $146 d5 17. a3 d4 18. O-O-O {[#] Threatens to win with Ne4.} dxc3 19. Qd8+ Qxd8 20. Rxd8+ Rf8 21. Rxf8+ Kxf8 22. axb4 cxb2+ 23. Kxb2 $16 {[%mdl 4096] Endgame KRB-KRB} b5 24. Bg2 Ra7 25. Re1 Kf7 26. Re3 Bb7 27. Bxb7 (27. Bf1 {seems wilder.} Ra8 28. Rc3 Be4 29. Rc7+ Kf6 30. Kc3) 27... Rxb7 $14 {KR-KR. The position is equal.} 28. Rc3 Rb6 29. Rc7+ Kf6 30. g4 Rd6 31. Kc3 g5 32. fxg5+ Kxg5 33. h3 h6 34. Rf7 e5 35. Rf5+ Kh4 36. Rh5+ Kg3 37. Rxe5 {Accuracy: White = 70%, Black = 75%.} 1/2-1/2

[Event "HUN-chT 2018-19"]
[Site "Szombathely"]
[Date "2019.04.27"]
[Round "8.3"]
[White "Izsak, Gyula"]
[Black "Sedlak, Nikola"]
[Result "0-1"]
[WhiteElo "2425"]
[BlackElo "2595"]
[Annotator "TA"]
[PlyCount "60"]
[EventDate "2018.11.16"]
[EventType "team-tourn"]
[EventCountry "HUN"]
[SourceTitle "playchess.com"]
[Source "ChessBase"]
[SourceQuality "1"]

{[%evp 22,60,16,0,0,0,0,6,0,0,14,13,21,23,30,10,13,0,17,7,11,10,16,20,28,29,27,14,28,40,41,16,10,11,33,20,64,67,132,-274,-274]} 1. d4 e6 2. Nf3 f5 3. g3 Nf6 4. Bg2 d5 5. O-O Bd6 6. c4 c6 7. Qc2 O-O 8. b3 Qe7 9. Nbd2 b6 10. Bb2 a5 11. Ne5 Bb7 12. Rac1 Na6 {A90: Dutch Defence: Miscellaneous and Modern Stonewall (with ...Bd6)} 13. Qb1 c5 {[#]} 14. Rfd1 $146 ({Predecessor:} 14. cxd5 exd5 15. e3 Ne4 16. Rfd1 Nb4 17. a3 Nc6 18. Nxc6 Bxc6 19. Nf3 Bb7 20. a4 {0-1 (40) Burmakin,V (2590)-Akshat,K (2367) Sitges 2014}) 14... Ne4 {The position is equal.} 15. e3 Bxe5 (15... Rad8 {looks sharper.} 16. Ndf3 g5 17. h3 Rc8 18. dxc5 Naxc5 19. Bd4 Rc7) 16. dxe5 Nxd2 17. Rxd2 {[%cal Rc4d5]} Nc7 18. Rcd1 a4 19. Qc2 axb3 20. axb3 Bc6 21. Rc1 Qe8 22. Qb1 dxc4 {[#] aiming for ...Bxg2.} 23. Bxc6 Qxc6 24. bxc4 b5 25. cxb5 Qxb5 26. Qc2 Ra5 27. Bc3 Ra4 28. Rb1 Qc4 29. Rd7 Nb5 {[#]} ({Better is} 29... Ra7 $14) 30. Qb3 $2 {[%mdl 8192]} (30. Qd1 $1 $16) 30... Nxc3 {Accuracy: White = 50%, Black = 47%.} 0-1

[Event "HUN-chT 2018-19"]
[Site "Szombathely"]
[Date "2019.04.27"]
[Round "8.4"]
[White "Acs, Peter"]
[Black "Szabo, Bence"]
[Result "1-0"]
[WhiteElo "2594"]
[BlackElo "2373"]
[Annotator "ChessBase"]
[PlyCount "75"]
[EventDate "2018.11.16"]
[EventType "team-tourn"]
[EventCountry "HUN"]
[SourceTitle "playchess.com"]
[Source "ChessBase"]
[SourceQuality "1"]

1. e4 c6 2. d4 d5 3. Nc3 dxe4 4. Nxe4 Bf5 5. Ng3 Bg6 6. Nf3 Nd7 7. h4 h6 8. h5 Bh7 9. Bd3 Bxd3 10. Qxd3 e6 11. Bf4 Qa5+ 12. Bd2 Bb4 13. c3 Be7 14. O-O Ngf6 15. c4 Qc7 16. Rfe1 O-O 17. Nf5 exf5 18. Rxe7 Qd8 19. Re3 Ne4 20. Be1 Ndf6 21. Nh4 f4 22. Re2 Nxh5 23. Nf5 Ng5 24. f3 Re8 25. Rxe8+ Qxe8 26. Bf2 Rd8 27. Re1 Qf8 28. d5 cxd5 29. cxd5 Nf6 30. Ne7+ Kh8 31. Bc5 Rxd5 32. Qxd5 Nxd5 33. Ng6+ fxg6 34. Bxf8 Kg8 35. Bd6 Nf7 36. Bb8 a6 37. Rd1 Nb4 38. Bxf4 1-0

[Event "HUN-chT 2018-19"]
[Site "Szombathely"]
[Date "2019.04.27"]
[Round "8.5"]
[White "Toth, Ervin"]
[Black "Szabo, Krisztian"]
[Result "1/2-1/2"]
[WhiteElo "2433"]
[BlackElo "2483"]
[Annotator "ChessBase"]
[PlyCount "48"]
[EventDate "2018.11.16"]
[EventType "team-tourn"]
[EventCountry "HUN"]
[SourceTitle "playchess.com"]
[Source "ChessBase"]
[SourceQuality "1"]

1. d4 Nf6 2. c4 d6 3. Nf3 g6 4. Nc3 Bg7 5. e4 O-O 6. Be2 e5 7. O-O Nbd7 8. Qc2 c6 9. Rd1 Qe7 10. d5 c5 11. a3 Ne8 12. b4 f5 13. Ne1 Ndf6 14. f3 b6 15. Nd3 f4 16. a4 a5 17. bxa5 bxa5 18. Rb1 g5 19. Rb6 Nd7 20. Rb2 Nc7 21. Nb5 Na6 22. Bd2 Nb4 23. Qb3 Nf6 24. Be1 Rf7 1/2-1/2

[Event "HUN-chT 2018-19"]
[Site "Szombathely"]
[Date "2019.04.27"]
[Round "8.6"]
[White "Kaczur, Florian"]
[Black "Krizsany, Laszlo"]
[Result "1-0"]
[WhiteElo "2473"]
[BlackElo "2416"]
[Annotator "TA"]
[PlyCount "59"]
[EventDate "2018.11.16"]
[EventType "team-tourn"]
[EventCountry "HUN"]
[SourceTitle "playchess.com"]
[Source "ChessBase"]
[SourceQuality "1"]

{[%evp 11,79,70,84,65,75,56,114,34,68,40,117,75,76,81,83,61,84,75,106,75,86,64,60,57,66,70,111,117,120,123,119,81,71,57,93,89,108,9,109,104,171,169,242,238,238,241,499,456,431,362,633,601,645,407,394,290,308,308,304,299,738,643,637,644,590,508,515,516,505,505]} 1. e4 b6 2. d4 Bb7 3. Bd3 e6 4. Nf3 c5 5. c3 d6 6. O-O Nd7 7. Re1 {B00: Queen's Fianchetto Defence, Nimzowitsch Defence} Be7 (7... Ne7 8. Nbd2 Ng6 9. d5 exd5 10. exd5+ Be7 11. Nc4 O-O 12. Ne3 Nde5 13. Nxe5 Nxe5 14. Nf5 Bf6 {0-1 (49) Mareco,S (2664)-Rodriguez Vila,A (2486) Montevideo 2019}) 8. Nbd2 Qc7 (8... cxd4 $14 9. cxd4 (9. Nxd4 Ngf6 $11) 9... Rc8) 9. Qe2 (9. d5 $16) 9... Rc8 $146 ({Predecessor:} 9... Ngf6 10. a4 h6 11. Nc4 Nf8 12. e5 Nd5 13. Nxd6+ Bxd6 14. exd6 Qxd6 {1-0 (31) Del Puerto,R (2090)-Benitez,J (1939) Asuncion 2009}) 10. b3 h5 (10... Ngf6 $14) 11. Bb2 h4 12. h3 Ngf6 13. Qe3 Nh5 14. Rad1 a6 15. a4 e5 16. dxe5 dxe5 17. Bf1 Nf4 18. Nc4 f6 19. Qc1 Rd8 20. Qc2 Qc6 21. Nh2 Nf8 22. Ng4 N8e6 23. Bc1 O-O 24. Nge3 ({Better is} 24. f3 $16) 24... Rxd1 (24... Qxe4 $11 {keeps the balance.} 25. Qxe4 Bxe4) 25. Rxd1 $16 {Nd5 is the strong threat.} Rd8 (25... Qxe4 $16 {might work better.} 26. Qxe4 Bxe4) 26. Nf5 $18 Kf8 (26... Bf8 $142) 27. Rxd8+ Bxd8 {[#]} 28. Ncd6 $1 ({Weaker is} 28. Nxh4 Qxe4 29. Qxe4 Bxe4 $11) 28... g5 $2 (28... Ba8 {keeps fighting.}) 29. Nxb7 Qxb7 30. Bxf4 {Played: g2-g3} 1-0

[Event "HUN-chT 2018-19"]
[Site "Szombathely"]
[Date "2019.04.27"]
[Round "8.7"]
[White "Konnyu, Janos"]
[Black "Lizak, Peter"]
[Result "1/2-1/2"]
[WhiteElo "2349"]
[BlackElo "2472"]
[Annotator "ChessBase"]
[PlyCount "54"]
[EventDate "2018.11.16"]
[EventType "team-tourn"]
[EventCountry "HUN"]
[SourceTitle "playchess.com"]
[Source "ChessBase"]
[SourceQuality "1"]

1. e4 e6 2. d4 d5 3. Nd2 h6 4. e5 c5 5. f4 Nc6 6. Ngf3 Qb6 7. c4 cxd4 8. cxd5 exd5 9. Bd3 Nge7 10. Nb3 Nf5 11. Bxf5 Bxf5 12. Nfxd4 Be4 13. O-O a5 14. Be3 a4 15. Nf5 Qb4 16. Nbd4 Nxd4 17. Nxd4 Be7 18. Rf2 O-O 19. f5 Bh4 20. g3 Bg5 21. Bxg5 hxg5 22. f6 Rae8 23. Nf5 Bxf5 24. Rxf5 Qe4 25. fxg7 Qxf5 26. gxf8=Q+ Kxf8 27. Qxd5 Qxe5 1/2-1/2

[Event "HUN-chT 2018-19"]
[Site "Szombathely"]
[Date "2019.04.27"]
[Round "8.8"]
[White "Groszpeter, Attila"]
[Black "Horvath, David"]
[Result "1-0"]
[WhiteElo "2437"]
[BlackElo "2377"]
[Annotator "ChessBase"]
[PlyCount "127"]
[EventDate "2018.11.16"]
[EventType "team-tourn"]
[EventCountry "HUN"]
[SourceTitle "playchess.com"]
[Source "ChessBase"]
[SourceQuality "1"]

1. e4 e6 2. d4 d5 3. Nc3 Nf6 4. Bg5 dxe4 5. Nxe4 Be7 6. Bxf6 gxf6 7. Nf3 f5 8. Nc3 a6 9. g3 b5 10. Bg2 Bb7 11. O-O O-O 12. Ne5 Bxg2 13. Kxg2 c5 14. Qf3 Ra7 15. d5 b4 16. Ne2 Qxd5 17. Qxd5 exd5 18. Rad1 Rd8 19. Nf4 d4 20. Rfe1 Rc7 21. b3 Bg5 22. Nfd3 Kf8 23. Re2 Bf6 24. Nc4 Rc6 25. a3 bxa3 26. Ra1 Nd7 27. Rxa3 Re8 28. Rxe8+ Kxe8 29. Kf3 Ke7 30. Ra5 Bg7 31. h4 f6 32. Ke2 Bh6 33. f4 Bf8 34. Kf2 h5 35. Ke2 Ke6 36. Kd2 Be7 37. Ra1 Bd8 38. Ke2 Bc7 39. Kf3 Nf8 40. Rxa6 Rxa6 41. Nxc5+ Kd5 42. Nxa6 Ne6 43. Nb4+ Kc5 44. Nd3+ Kd5 45. Ke2 Bd8 46. Nd2 Ba5 47. b4 Bb6 48. Nc1 Kc6 49. Kd3 Kb5 50. Ne2 Kxb4 51. Nb3 Bc7 52. Nexd4 Bxf4 53. gxf4 Nxf4+ 54. Kd2 Ng6 55. Nxf5 Ne5 56. Nbd4 Kc4 57. c3 Kd5 58. Ke3 Kc4 59. Ne2 Kd5 60. Nf4+ Kc4 61. Kd2 Nf3+ 62. Kc2 Ne1+ 63. Kb2 Nd3+ 64. Nxd3 1-0

[Event "HUN-chT 2018-19"]
[Site "Szombathely"]
[Date "2019.04.27"]
[Round "8.8"]
[White "Groszpeter, Attila"]
[Black "Horvath, Dominik"]
[Result "*"]
[WhiteElo "2433"]
[BlackElo "2412"]
[Annotator "ChessBase"]
[PlyCount "42"]
[EventDate "2018.11.16"]
[EventType "team-tourn"]
[EventCountry "HUN"]
[SourceTitle "playchess.com"]
[Source "ChessBase"]
[SourceQuality "1"]

1. e4 e6 2. d4 d5 3. Nc3 Nf6 4. Bg5 dxe4 5. Nxe4 Be7 6. Bxf6 gxf6 7. Nf3 f5 8. Nc3 a6 9. g3 b5 10. Bg2 Bb7 11. O-O O-O 12. Ne5 Bxg2 13. Kxg2 c5 14. Qf3 Ra7 15. d5 b4 16. Ne2 Qxd5 17. Qxd5 exd5 18. Rad1 Rd8 19. Nf4 d4 20. Rfe1 Rc7 21. b3 Bg5 *

[Event "HUN-chT 2018-19"]
[Site "Szombathely"]
[Date "2019.04.27"]
[Round "8.9"]
[White "Polyik, Peter"]
[Black "Lazarne Vajda, Szidonia"]
[Result "1/2-1/2"]
[WhiteElo "2254"]
[BlackElo "2358"]
[Annotator "ChessBase"]
[PlyCount "77"]
[EventDate "2018.11.16"]
[EventType "team-tourn"]
[EventCountry "HUN"]
[SourceTitle "playchess.com"]
[Source "ChessBase"]
[SourceQuality "1"]

1. d4 d5 2. Bf4 c5 3. e3 Nc6 4. Nf3 cxd4 5. exd4 Qb6 6. Nc3 Bg4 7. Nxd5 Qa5+ 8. Nc3 O-O-O 9. Be2 Bxf3 10. Bxf3 Rxd4 11. Qc1 e6 12. O-O Nf6 13. Ne2 Rd7 14. Bxc6 bxc6 15. c3 Bd6 16. Bxd6 Rxd6 17. Rd1 Rxd1+ 18. Qxd1 Rd8 19. Qc2 Qd5 20. Nd4 Kb7 21. Qb3+ Qxb3 22. Nxb3 Kb6 23. Kf1 Ne4 24. Ke2 Rd5 25. f3 Nc5 26. Nxc5 Kxc5 27. Rd1 e5 28. Rd3 f5 29. b3 a5 30. a3 Kd6 31. b4 axb4 32. axb4 c5 33. Rxd5+ Kxd5 34. Kd3 c4+ 35. Ke3 g5 36. Kf2 h5 37. Kg3 h4+ 38. Kf2 f4 39. h3 1/2-1/2

[Event "HUN-chT 2018-19"]
[Site "Szombathely"]
[Date "2019.04.27"]
[Round "8.10"]
[White "Csonka, Balazs"]
[Black "Straubinger, Daniel"]
[Result "*"]
[WhiteElo "2455"]
[BlackElo "2307"]
[Annotator "RC"]
[PlyCount "46"]
[EventDate "2018.11.16"]
[EventType "team-tourn"]
[EventCountry "HUN"]
[SourceTitle "playchess.com"]
[Source "ChessBase"]
[SourceQuality "1"]

1. d4 d5 2. c4 c6 3. Nc3 Nf6 4. e3 e6 5. Nf3 Nbd7 6. Qc2 Bd6 7. b3 O-O 8. Be2 Qe7 9. O-O b6 10. Bb2 Ba3 11. Bxa3 Qxa3 12. Bd3 Bb7 13. Ne5 Qe7 14. cxd5 cxd5 15. Nxd7 Qxd7 16. Rac1 Rac8 17. Qe2 Ne4 18. Nb1 Nd6 19. Qb2 Rc6 20. Rc3 Rfc8 21. Rfc1 g6 22. f3 R8c7 23. R1c2 Qc8 *

[Event "HUN-chT 2018-19"]
[Site "Szombathely"]
[Date "2019.04.27"]
[Round "8.10"]
[White "Balazs, Gabor"]
[Black "Straubinger, Daniel"]
[Result "1/2-1/2"]
[WhiteElo "2401"]
[BlackElo "2307"]
[Annotator "ChessBase"]
[PlyCount "73"]
[EventDate "2018.11.16"]
[EventType "team-tourn"]
[EventCountry "HUN"]
[SourceTitle "playchess.com"]
[Source "ChessBase"]
[SourceQuality "1"]

1. d4 d5 2. c4 c6 3. Nc3 Nf6 4. e3 e6 5. Nf3 Nbd7 6. Qc2 Bd6 7. b3 O-O 8. Be2 Qe7 9. O-O b6 10. Bb2 Ba3 11. Bxa3 Qxa3 12. Bd3 Bb7 13. Ne5 Qe7 14. cxd5 cxd5 15. Nxd7 Qxd7 16. Rac1 Rac8 17. Qe2 Ne4 18. Nb1 Nd6 19. Qb2 Rc6 20. Rc3 Rfc8 21. Rfc1 g6 22. f3 R8c7 23. R1c2 Qc8 24. Qc1 Kg7 25. Kf2 Rxc3 26. Rxc3 Rxc3 27. Qxc3 Qd8 28. g3 Kg8 29. Ke2 Qd7 30. Na3 Bc6 31. Qb4 Qc7 32. Nb1 h5 33. Qc3 Qd7 34. Kf2 Bb5 35. a4 Bxd3 36. Qxd3 h4 37. Nc3 1/2-1/2

[Event "HUN-chT 2018-19"]
[Site "Szombathely"]
[Date "2019.04.27"]
[Round "8.11"]
[White "Halak, Miklos"]
[Black "Gyorkos, Lajos"]
[Result "1-0"]
[WhiteElo "2294"]
[BlackElo "2303"]
[Annotator "ChessBase"]
[PlyCount "93"]
[EventDate "2018.11.16"]
[EventType "team-tourn"]
[EventCountry "HUN"]
[SourceTitle "playchess.com"]
[Source "ChessBase"]
[SourceQuality "1"]

1. e4 c5 2. Nf3 e6 3. c3 d5 4. exd5 exd5 5. d4 Nc6 6. Be3 cxd4 7. Nxd4 Bd6 8. Nd2 Nge7 9. N2f3 O-O 10. Be2 a6 11. O-O Qc7 12. h3 Re8 13. Re1 Bd7 14. Rc1 Na5 15. Nd2 Nc4 16. Nxc4 dxc4 17. Bg4 Rad8 18. Bxd7 Rxd7 19. Qg4 Ng6 20. Nf5 Bf8 21. Bd4 Rdd8 22. g3 f6 23. h4 b5 24. Bxf6 gxf6 25. h5 Qf7 26. hxg6 hxg6 27. Rxe8 Rxe8 28. Rd1 Bg7 29. Nh4 Kh7 30. Nf3 Kg8 31. Rd6 Re2 32. Rxa6 Rxb2 33. Ra8+ Bf8 34. Qe4 b4 35. cxb4 c3 36. Rc8 f5 37. Qc6 c2 38. Kg2 Rxa2 39. Ng5 c1=Q 40. Qxc1 Qb7+ 41. Rc6 Bxb4 42. Qc4+ Kg7 43. Ne6+ Kh7 44. Qh4+ Kg8 45. Qd8+ Kh7 46. Ng5+ Kg7 47. Qf6+ 1-0

[Event "HUN-chT 2018-19"]
[Site "Szombathely"]
[Date "2019.04.27"]
[Round "8.12"]
[White "Krstulovic, Alex"]
[Black "Havanecz, Bianka"]
[Result "1-0"]
[WhiteElo "2309"]
[BlackElo "2240"]
[Annotator "ChessBase"]
[PlyCount "107"]
[EventDate "2018.11.16"]
[EventType "team-tourn"]
[EventCountry "HUN"]
[SourceTitle "playchess.com"]
[Source "ChessBase"]
[SourceQuality "1"]

1. d4 d5 2. c4 c6 3. Nf3 Nf6 4. Nc3 dxc4 5. e4 b5 6. Be2 e6 7. O-O Bb4 8. Qc2 Bb7 9. e5 Nd5 10. Bg5 Qc7 11. Ne4 Nd7 12. a3 Bf8 13. b3 cxb3 14. Qxb3 h6 15. Bd2 Be7 16. Rfc1 a6 17. a4 Qb8 18. Ne1 Kf8 19. Nd3 g6 20. Ndc5 Nxc5 21. Nxc5 Kg7 22. Qg3 Bc8 23. Rab1 Qb6 24. Qg4 b4 25. Rb3 a5 26. Bd3 h5 27. Qg3 Qd8 28. Be4 Bh4 29. Qh3 Bg5 30. Qd3 Ra7 31. Rc2 Bxd2 32. Qxd2 Qh4 33. Rg3 Rd8 34. Qd3 Nf4 35. Qe3 Nd5 36. Qd3 Nf4 37. Qc4 Bd7 38. Rf3 Qg4 39. g3 Nd5 40. h4 Bc8 41. Qd3 g5 42. Bxd5 Rxd5 43. Ne4 Ba6 44. Qe3 gxh4 45. Nf6 Qg6 46. Rxc6 Rd8 47. d5 Raa8 48. Kh2 Bf1 49. dxe6 Rd3 50. Qf4 hxg3+ 51. Rxg3 Rxg3 52. fxg3 h4 53. e7 hxg3+ 54. Kg1 1-0

[Event "HUN-chT 2018-19"]
[Site "Szombathely"]
[Date "2019.04.27"]
[Round "8.13"]
[White "Grigoriants, Sergey"]
[Black "Hera, Imre Jr."]
[Result "1/2-1/2"]
[WhiteElo "2543"]
[BlackElo "2612"]
[Annotator "TA"]
[PlyCount "31"]
[EventDate "2018.11.16"]
[EventType "team-tourn"]
[EventCountry "HUN"]
[SourceTitle "playchess.com"]
[Source "ChessBase"]
[SourceQuality "1"]

{[%evp 11,31,14,6,1,12,0,1,-20,-3,-13,0,0,0,-6,-4,-4,-4,-4,-4,-10,0,-11]} 1. c4 c5 2. Nf3 Nc6 3. d4 cxd4 4. Nxd4 Nf6 5. Nc3 e6 6. Bf4 d5 {The position is equal.} 7. e3 {A33: Symmetrical English: 2 Nf3 Nf6 3 d4 cxd4 4 Nxd4 e6 5 Nc3 Nc6} Bb4 8. Nxc6 (8. Be2 Bd7 9. Ndb5 e5 10. Bg5 a6 11. a3 axb5 12. axb4 Rxa1 13. Qxa1 dxc4 14. O-O O-O 15. Rd1 Qe7 16. Nd5 Qe6 17. Nc7 Qe7 18. Nd5 Qe6 19. Nc7 Qe7 {½-½ (19) Nepomniachtchi,I (2729)-Vachier Lagrave,M (2789) London 2017}) 8... bxc6 9. Qc2 Qa5 10. Be2 $146 ({Predecessor:} 10. a3 Ne4 11. Rc1 Bxc3+ 12. bxc3 Qxa3 13. Bd3 O-O 14. O-O Nf6 {0-1 (49) Hegedus,B (1494)-Ersek,T (1624) Hungary 2012}) 10... Ba6 11. Rc1 dxc4 12. a3 Bxc3+ 13. Qxc3 Qxc3+ 14. Rxc3 Nd5 15. Rc2 Nb6 16. Bc7 1/2-1/2

[Event "HUN-chT 2018-19"]
[Site "Szombathely"]
[Date "2019.04.27"]
[Round "8.14"]
[White "Nemeth, Miklos"]
[Black "Gonda, Laszlo"]
[Result "1/2-1/2"]
[WhiteElo "2488"]
[BlackElo "2527"]
[Annotator "ChessBase"]
[PlyCount "27"]
[EventDate "2018.11.16"]
[EventType "team-tourn"]
[EventCountry "HUN"]
[SourceTitle "playchess.com"]
[Source "ChessBase"]
[SourceQuality "1"]

1. e4 e5 2. Nf3 Nc6 3. Bc4 Bc5 4. O-O Nf6 5. d3 O-O 6. Nbd2 d6 7. c3 a5 8. a4 h6 9. h3 Be6 10. Re1 Qb8 11. Nh4 Qd8 12. Nhf3 Qb8 13. Nh4 Qd8 14. Nhf3 1/2-1/2